Quizzes
Events
Quiz Creation
Community
Videos
Private Events
Remove Ads
Sign In
Join for FREE
Feedback
Dark Mode
Quiz Categories
Sports
Geography
Music
Movies
Television
Just For Fun
Miscellaneous
History
Literature
Language
Science
Gaming
Entertainment
Religion
Holiday
For Kids
Quiz Lab
Recent
Popular Today
Quiz Kudos Today
Editor Picks
Curator Picks
Quizzes by...
Day
Popularity
Type
Ratings
Length
Year
Community
Subscriptions
Recent Discussions
Orange Saloon
Badges
Playlists
Quests
Create
Leaderboards
Showdown
Live 5
Trivia Bingo
Activity
Puzzle Library
Sporcle Events
Private Events
Virtual Trivia
Globe League
Become a Host
Pub Owners
SporcleCon
Opinionation
Our Games
Videos
Blog
Mobile Apps
Partnerships
Remove Ads and Go Orange
Feedback
Entertainment
Celebrity
Famous
Musical
Broadway
Show
Quote
Comic Books
Anime
Superhero
DC Comics
Marvel
Cartoons
Animation
Entertainment
Celebrity
Famous
Musical
Broadway
Show
Quote
Comic Books
Anime
Superhero
DC Comics
Marvel
Cartoons
Animation
Random Quiz
Search Sporcle
×
Quiz Lab
Quiz Lab
Entertainment
DC Comics
Type answers based on single images at one time
Type answers based on single images at one time
Slideshow
Best Score? Go Orange.
Villains of Arrowverse Stats
Can you name the Villains of Arrowverse?
By
IAMOLIVERQUEEN
15m
94 Questions
1,148 Plays
1,148 Plays
1,148 Plays
Comments
Comments
Give Quiz Kudos
Give Quiz Kudos
-
- Ratings
hide this ad
Replay
Link that replays current quiz
Next Quiz
Link to next quiz in quiz playlist
You Got
0%
They Got
Avg Score
39%
Avg Friend Score
Upgrade to see
Score Distribution
Jump to the score distribution portion of the page
Score
0/94
Timer
15:00
0
Plays Today
% Correct
Deadshot
90.7%
Helena Bertinelli (The Huntress)
75.3%
China White
74%
Slade Wilson (Deathstroke)
71.1%
Billy Wintergreen
70.5%
Reverse-Flash (Eobard Thawne)
69%
Malcolm Merlyn (Dark Archer)
67.9%
Mick Rory (Heat Wave)
67%
Carrie Cutter (Cupid)
65.2%
Vandal Savage
64%
Axel Walker (Trickster)
61.2%
Leonard Snart (Captain Cold)
59.4%
Brother Blood
57.5%
Hartley Rathaway (Pied Piper)
56.3%
Clyde Mardon (Weather Wizard)
55.6%
Savitar
55.3%
Laurel Lance (Black Siren)
54.2%
Bronze Tiger
52.7%
Ronnie Raymond (Deathstorm)
52.6%
Mark Mardon (Weather Wizard)
52.4%
Linda Park (Doctor Light)
52.3%
Caitlin Snow (Killer Frost)
51.9%
Captain Boomerang
51.6%
Hunter Zolomon (Black Flash)
51.5%
Damien Darhk
50.9%
Al Rothstein (Atom-Smasher)
50.7%
Adrian Chase (Prometheus)
50.1%
Shawna Baez (Peek-A-Boo)
49.2%
Grodd
48.1%
Ra's al Ghul
47.7%
Edward Clariss (The Rival)
47.7%
Vigilante
47.4%
% Correct
James Jesse (Trickster)
46.6%
Tony Woodward (Girder)
46.5%
Royal Flush Gang
46.4%
Dominators
46.4%
Evelyn Sharp (Artemis)
44.9%
Rosalind Dillon (The Top)
44.6%
Danny Brickwell (Brick)
43.8%
Brie Larvan (Bug-Eyed Bandit)
43.2%
Noah Cuttler (Calculator)
42.8%
Farooq Gibran (Blackout)
42.3%
Kyle Nimbus (Mist)
42%
Roy Bivolo (Rainbow Raider)
41.7%
Eliza Harmon (Trajectory)
41.7%
Garfield Lynns (Firefly)
41.6%
Frankie Kane (Magenta)
40.6%
William Tockman (Clock King)
40.4%
General Eiling
39.8%
Shay Lamden (King Shark)
39.7%
Sam Scudder (Mirror Master)
39.7%
Joey Monteleone (Tar Pit)
39.1%
Lonnie Machin (Anarky)
38.9%
Edward Fyers
37.8%
Chronos
37.5%
Lisa Snart (Golden Glider)
37.4%
Hannibal Bates (Everyman)
36.2%
Danton Black (Multiplex)
35.3%
Barton Mathis (Dollmaker)
34.3%
Shade
34.1%
Dante Ramon (Rupture)
33.3%
Hunter Zolomon (Zoom)
32.3%
Eddie Slick (Sand Demon)
32.2%
The Count
31.9%
% Correct
Grant Wilson (Deathstroke)
31.9%
Tobias Church
31.6%
Jake Simmons (Deathbolt)
31.3%
Brother Eye
30.2%
Cyrus Gold (Solomon Grundy)
29.6%
Werner Zytle (Vertigo)
28.9%
Dr. Anthony Ivo
28.3%
Julian Albert (Alchemy)
27.9%
Frank Bertinelli
27.7%
Michael Amar (Murmur)
26.2%
Simon Lacroix (Komodo)
25.9%
Konstantin Kovar
25.5%
Adam Fellis (Geomancer)
24.8%
Russell Glosson (Turtle)
23.4%
Henry Hewitt (Tokamak)
23.3%
Jared Morillo (Plunder)
22.2%
Baron Reiter
21.4%
Simon Stagg
20.8%
Per Degaton
20.7%
Dodger
20.1%
Jeremy Tell (Double Down)
19.3%
Ted Gaynor
17.5%
Mark Scheffer (Shrapnel)
15.8%
General Shrieve
15.6%
Valentina Vostok
13.9%
Liza Warner (Lady Cop)
13.6%
Quentin Turnbull
13%
Mark Shaw (Manhunter)
11.5%
Baron Krieger (Captain Nazi)
9.8%
Griffen Grey
7.5%
Quiz Playlist
Details
Report
Send in Message
Add To Playlist
Slideshow:
Type answers based on single images at one time
Last Updated: Sep 12, 2017
Quiz Scoreboard
CHALLENGE
Sign Up to Join the Scoreboard
Show All
Scores
Hide
Comments
May contain spoilers
Recently Published
College Basketball Coaching Resumes
by pancakes188
Sports
9m
Billboard Blitz: Fleetwood Mac
by CooCooCachoo
Music
15s
Presidents Visiting Landmarks
by Hejman
History
7m
More to Explore
Quiz From the Vault
Featured Blog Post
Where Did the Easter Bunny Come From?
hide this ad
You Might Also Like...
Tags
DC Comics Quiz
Superhero Quiz
Arrow
Arrow (Show)
flash
Flash Characters
Flash Villains
Green Arrow
Legends of Tomorrow
The Flash
Today's Top Quizzes in Entertainment
Browse Entertainment
hide this ad
Today's Top Quizzes in DC Comics
Browse DC Comics
Top Contributed Quizzes in Entertainment
1
7-to-1: DC Comics Villains
2
Marvel Characters Bunker
3
Eurovision 2023 Logic Puzzle
4
Dragon Ball Z: Goku's Fights in Order
5
Criteria Quickie: Cartoon Taxonomy II
6
Sorting Pictures: Villains
7
Kamen Rider Motifs
8
Mini Trivia Sudoku: Musicals
9
Fictional Villains Letter U Blitz
10
7-to-1: One Piece
Explore More
Trending Topics
Anime
Marvel
NBA
Harry Potter
Crossword
Disney
Kpop
Country
Pokémon
The Office
Puzzle
Song
NFL
Soccer
WWE
hide this ad
More By:
IAMOLIVERQUEEN
Quiz
Plays
Rating
Category
Featured
Created
MCU: 10 to 1
5,283
4.22
Movies
Oct 24, 2019
Arrowverse: 10 to 1
4,458
4.60
Entertainment
Jan 15, 2020
Avengers Rosters in MCU
3,711
3.58
Entertainment
Dec 22, 2017
DC Teams: First 10 Members
3,447
4.92
Entertainment
Dec 31, 2016
Spider-Man PS4 Characters
3,160
4.50
Gaming
Sep 12, 2018
Go to Creator's Profile
Score Distribution
Quiz Creator Spotlight
IAMOLIVERQUEEN
Follow
Send a Message
Quizzes Created
-
Created Quiz Play Count
-
More By This Creator
Popular Quizzes Today
1
Find the US States - No Outlines Minefield
2
Find the Countries of Europe - No Outlines Minefield
3
The Countries of the World
4
Find the US States
5
Risky Map Clicking: Biggest States A-Z
6
US States
7
Popular People in 1961
8
Movies - When Are They Set?
More Entertainment Quizzes
Eurovision 2019 Finalists (Slideshow)
Quiz Lab
Trending Quizzes
Risky Map Clicking: Least Populous States A-Z
1-10 Letter G Words
1-10 Letter F Words
Risky Map Clicking: Next State Alphabetically
Risky Map Clicking: Biggest States A-Z
Recently Updated
Leaping Animals
pecheneg
Reality TV Shows (A-Z)
bhenderson79
Rickey Henderson's Hall of Fame Teammates
pecheneg
Champions League XIs: Arsenal
pecheneg
Quick Pick: Celebrities in WWE's Hall of Fame
aduchscher
A-Z Keypad Blitz II
pecheneg
Multiple Oscar Actors
pecheneg
Mystery Phrase Blitz: Oscar 'Best Actors'
pecheneg
F. Scott Fitzgerald Novels
LTH
Pick 3 Villains
ddd62291
Trending Topics
Marvel
Harry Potter
Crossword
NBA
Disney
Anime
Kpop
WWE
The Office
Country
Puzzle
Soccer
Pokémon
Song
NFL
Your Account Isn't Verified!
In order to create a playlist on Sporcle, you need to verify the email address you used during registration. Go to your
Sporcle Settings
to finish the process.
Report this User
Report this user for behavior that violates our
Community Guidelines
.
Details:
Send Report
Go to the Sporcle.com Mobile Site →
Comments